ბათუმის შოთა რუსთაველის სახელმწიფო უნივერსიტეტის ბიბლიოთეკა

საზოგადოება, ინდივიდი, ძალაუფლება (ბიბ.ჩანაწერი № 48172)

000 -LEADER
fixed length control field 01037nam a2200241Ia 4500
001 - CONTROL NUMBER
control field 15054
003 - CONTROL NUMBER IDENTIFIER
control field GE_BSU
008 - FIXED-LENGTH DATA ELEMENTS--GENERAL INFORMATION
fixed length control field 181216s||||||||xx |||||||||||||| ||und||
020 ## - INTERNATIONAL STANDARD BOOK NUMBER
International Standard Book Number ISBN 978-9941-22-333-4
040 ## - CATALOGING SOURCE
Transcribing agency GE_BSU
080 ## - UNIVERSAL DECIMAL CLASSIFICATION NUMBER
Universal Decimal Classification number 316.2
100 ## - MAIN ENTRY--PERSONAL NAME
Personal name კორტავა,შორენა
245 ## - TITLE STATEMENT
Title საზოგადოება, ინდივიდი, ძალაუფლება
245 ## - TITLE STATEMENT
Remainder of title არაკლასიკური სოციოლოგიური თეორიები
245 ## - TITLE STATEMENT
Statement of responsibility, etc. რედ. კახა ქეცბაია.
260 ## - PUBLICATION, DISTRIBUTION, ETC.
Place of publication, distribution, etc. თბილისი
260 ## - PUBLICATION, DISTRIBUTION, ETC.
Name of publisher, distributor, etc. უნივერსალი
260 ## - PUBLICATION, DISTRIBUTION, ETC.
Date of publication, distribution, etc. 2014
300 ## - PHYSICAL DESCRIPTION
Extent 178 გვ. ; 20 სმ.
300 ## - PHYSICAL DESCRIPTION
Other physical details ბიბლიოგრ.: გვ. 173-177
653 ## - INDEX TERM--UNCONTROLLED
Uncontrolled term საზოგადოების სოციოლოგია; ინდივიდის სოციოლოგია; ძალაუფლება; სოციოლოგიური თეორიები;
942 ## - ADDED ENTRY ELEMENTS (KOHA)
Koha item type წიგნი
ეგზემპლარები
Withdrawn status Lost status Damaged status Not for loan Date acquired Barcode Date last seen Price effective from Koha item type
        2018-12-17 38182 2018-12-17 2018-12-17 წიგნი
        2018-12-17 38183 2018-12-17 2018-12-17 წიგნი
        2018-12-17 38184 2018-12-17 2018-12-17 წიგნი